01014nam a2200289Ia 450000500170000000800410001702000150005810000280007324501110010125000190021230000420023149000090027365000490028265000530033165000400038465000430042470000290046770000340049694200150053026400300054533600270057533700330060233800280063504000350066308400110069899900150070920220317001236.0160825s2000 ck a g 000 0 spa  a28902109951 aPratte, Francoisd1958-13aEl secreto de AwacFrancois Pratte ; ilustraciones de Suzane Langlois ; traducción Cipriano Camarero Gil a1a. edición  a62 páginas bilustraciones c18 cm  aRosa142LEMBaNovela infantil canadienses ySiglo XX142LEMB aLiteratura infantil canadiense ySiglo XX142LEMB aEcología en la literatura 142LEMB aLibros ilustrados para niños 1 aLanglois, Suzane 9681051 aCamarero Gil, Cipriano968106 2loccBKLIT aMedellín bEdiluxc2000 atextobtxt2rdacontent asin mediaciónbn2rdamedia avolumenbnc2rdacarrier aCO-BoRNBPbspaerdacCO-BoRNBP aN PRA4 c6360d6360